INDOVINA IL LOGO #1 - Statistics

Statistiche generali
  • Questo quiz è stato fatto 592 volte
  • Il punteggio medio è 12 su 15
Statistiche sulle risposte
con Immagini Risposta % Corretto
ADIDAS
100%
PUMA
100%
NIKE
99%
COCA COLA
96%
PEPSI
95%
REDBULL
95%
GUCCI
93%
MCDONALD'S
93%
KFC
89%
SAN CARLO
87%
STARBUCKS
76%
7UP
74%
POLO
70%
ROAD HOUSE
56%
TAKO BELL
8%
Nessun quiz corrispondente trovato
Distribuzione punteggi
Percentuale di utenti per punteggio
Percentile per numero di risposta
I tuoi punteggi nel tempo
Non hai fatto questo quiz